000 02279nam a2200349Ia 4500
999 _c55070
_d55070
001 22145
003 GE_BSU
005 20221205170216.0
008 181216s2012||||ge |||||||||||||| ||geo||
020 _a9789941927010
040 _cGE_BSU
041 _ageo
080 _a94(3-11) ა-30
100 _aავალიანი, ეკა
_916340
245 _aძველი მახლობელი აღმოსავლეთის ისტორია :
_bგანვითარების ტრაექტორიები ძვ. წ. III ათასწლეულიდან III საუკუნემდე. წ. 1 /
_c ეკა ავალიანი ; რედ. : ზურაბ კიკნაძე, ნინო ჩიქოვანი, მაია ღამბაშიძე.
264 _aთბილისი :
_bარტლაინსის აკადემიური წიგნები,
_c2012.
300 _a200 გვ.
_bილ. ;
_c24 სმ.
490 _aStudies of the society of assyriologists, biblicists and caucasiologists, 1987-6971 :
_vN 8
501 _aილუსტრაციები გვ. : 185-197
504 _aბიბლიოგრაფია ტექსტის შენიშვნებში და გვ. : 174-183
520 _aრეზიუმე ინგლისურ ენაზე
541 _h28ლ.70თ.
546 _aყდა ქართულ და ინგლისურ ენებზე
653 _aისტორია
653 _aძველი მახლობელი აღმოსავლეთის ისტორია
653 _a განვითარების ტრაექტორიები ძვ. წ. III ათასწლეულიდან III საუკუნემდე წ. 1
653 _aძველი მახლობელი აღმოსავლეთის ისტორია
700 _aკიკნაძე, ზურაბ
_eრედაქტორი
_94114
700 _aჩიქოვანი, ნინო
_eრედაქტორი
_92906
700 _aღამბაშიძე, მაია
_eრედაქტორი
_916341
942 _cBK
_2udc